| 000 | 00555nam a22002297a 4500 | ||
|---|---|---|---|
| 003 | OSt | ||
| 005 | 20180116183000.0 | ||
| 008 | 141119b xxu||||| |||| 00| 0 eng d | ||
| 020 | _a0571056865 | ||
| 022 | _a0571056865 | ||
| 040 | _c0 | ||
| 050 | _a823.9 | ||
| 082 | _a823.9 | ||
| 100 | _aGolding,William | ||
| 245 |
_aLord of the Flies. _cWilliam Golding |
||
| 260 |
_aLondon _bFaber and Faber Limited. _c1954 |
||
| 300 | _a264p. | ||
| 500 | _aPaper cover | ||
| 600 | _aGolding,William | ||
| 700 | _aGolding,William | ||
| 942 |
_2ddc _cBK _k823.9 |
||
| 999 |
_c349832 _d349832 |
||